| 000 | 00461nam a2200181Ia 4500 | ||
|---|---|---|---|
| 008 | 210719s2020 xx 000 0 und d | ||
| 020 | _a978-93-5202-261-8 | ||
| 041 | _aeng | ||
| 082 | _a658.87 NAIR | ||
| 100 | _aNAIR (Suja R) | ||
| 245 | _aRetail management | ||
| 260 |
_aMumbai _bHimalaya Publishing House _c2020 |
||
| 300 |
_axii,478 _bPB |
||
| 365 |
_b575 _cRs |
||
| 650 | _aManagement | ||
| 650 | _aRetail Management | ||
| 906 | _amanagement ; Retail | ||
| 999 |
_c212093 _d212093 |
||